LEADER 01094nam0-22003491i-450 001 990005528470203316 005 20190729104811.0 035 $a000552847 035 $aUSA01000552847 035 $a(ALEPH)000552847USA01 035 $a000552847 100 $a20050711d1979-------|0itac50------ba 101 $aita 102 $aIT 105 $a|||| ||||| 200 1 $aAssociazioni operaie, clero e borghesia nel Mezzogiorno tra Ottocento e Novecento$fDiomede Ivone 210 $aMilano$cGiuffre$d1979 215 $a257 p.$d24 cm 606 $aSocietà$yItalia meridionale$zSec. 19.-20.$2BNCF 676 $a306.09457 700 1$aIVONE,$bDiomede$0126293 801 $aIT$bSOL$c20120104 912 $a990005528470203316 950 $aDIP.TO SCIENZE ECONOMICHE - (SA)$dDS 300 331.88 IVO$e1760 DISES 951 $a300 331.88 IVO$b1760 DISES 959 $aBK 969 $aDISES 969 $aECO 979 $c20121027$lUSA01$h1532 979 $c20121027$lUSA01$h1613 996 $aAssociazioni operaie, clero e borghesia nel Mezzogiorno tra Ottocento e Novecento$932916 997 $aUNISA LEADER 04438nam 2200901 450 001 9910825404503321 005 20230126205428.0 010 $a0-520-95724-5 024 7 $a10.1525/9780520957244 035 $a(CKB)2550000001345968 035 $a(EBL)1710999 035 $a(OCoLC)889552219 035 $a(SSID)ssj0001377951 035 $a(PQKBManifestationID)11916302 035 $a(PQKBTitleCode)TC0001377951 035 $a(PQKBWorkID)11329325 035 $a(PQKB)10500593 035 $a(MiAaPQ)EBC1710999 035 $a(DE-B1597)519064 035 $a(DE-B1597)9780520957244 035 $a(Au-PeEL)EBL1710999 035 $a(CaPaEBR)ebr10915554 035 $a(CaONFJC)MIL638859 035 $a(EXLCZ)992550000001345968 100 $a20140902h20142014 uy 0 101 0 $aeng 135 $aur|n|---||||| 181 $ctxt 182 $cc 183 $acr 200 10$aWomen without class $egirls, race and identity /$fJulie Bettie 210 1$aOakland, California :$cUniversity of California Press,$d2014. 210 4$d©2014 215 $a1 online resource (295 p.) 300 $aDescription based upon print version of record. 311 0 $a0-520-28001-6 311 0 $a1-322-07608-1 320 $aIncludes bibliographical references and index. 327 $tFront matter --$tContents --$tAcknowledgments --$tIntroduction to the 2014 Edition --$tChapter 1. Portraying Waretown High --$tChapter 2. Women without Class --$tChapter 3. How Working-Class Chicas Get Working-Class Lives --$tChapter 4. Hard-Living Habitus, Settled-Living Resentment --$tChapter 5. Border Work between Classes --$tChapter 6. Sameness, Difference, and Alliance --$tChapter 7. Conclusion --$tNotes --$tReferences --$tIndex 330 $aIn this ethnographic examination of Mexican-American and white girls coming of age in California's Central Valley, Julie Bettie turns class theory on its head, asking what cultural gestures are involved in the performance of class, and how class subjectivity is constructed in relationship to color, ethnicity, gender, and sexuality. A new introduction contextualizes the book for the contemporary moment and situates it within current directions in cultural theory. Investigating the cultural politics of how inequalities are both reproduced and challenged, Bettie examines the discursive formations that provide a context for the complex identity performances of contemporary girls. The book's title refers at once to young working-class women who have little cultural capital to enable class mobility; to the fact that analyses of class too often remain insufficiently transformed by feminist, ethnic, and queer studies; and to the failure of some feminist theory itself to theorize women as class subjects. Women without Class makes a case for analytical and political attention to class, but not at the expense of attention to other social formations.   606 $aChildren, White$zCalifornia$zSan Francisco Bay Area$xSocial conditions$y20th century 606 $aTeenage girls, White$xRace identity$zCalifornia 606 $aTeenage girls, White$zCalifornia$xSocial conditions 606 $aMexican American teenage girls$xRace identity$zCalifornia 606 $aMexican American teenage girls$zCalifornia$xSocial conditions 610 $aanthropologist. 610 $acalifornia women. 610 $acentral valley. 610 $aclass performance. 610 $aclass theory. 610 $acolor. 610 $acoming of age. 610 $acontemporary movement. 610 $acultural reference. 610 $acultural theory. 610 $aethnicity. 610 $agender. 610 $ahistorical context. 610 $aincome disparity. 610 $amexican-american women. 610 $asexuality. 610 $asociologists. 610 $atheorists. 610 $awhite girls. 615 0$aChildren, White$xSocial conditions 615 0$aTeenage girls, White$xRace identity 615 0$aTeenage girls, White$xSocial conditions. 615 0$aMexican American teenage girls$xRace identity 615 0$aMexican American teenage girls$xSocial conditions. 676 $a305.235097945 700 $aBettie$b Julie$01616816 801 0$bMiAaPQ 801 1$bMiAaPQ 801 2$bMiAaPQ 906 $aBOOK 912 $a9910825404503321 996 $aWomen without class$93947732 997 $aUNINA LEADER 01491nas 2200385 n 450 001 990008892480403321 005 20240229084533.0 011 $a0304-4300 035 $a000889248 035 $aFED01000889248 035 $a(Aleph)000889248FED01 035 $a000889248 091 $2CNR$aP 00090863 100 $a20161109a19259999km-y0itaa50------ba 101 0 $amul 102 $aES 110 $aauu-------- 200 1 $aAnalecta Sacra Tarraconensia$erevista de ciencias histórico-eclesiasticas 207 1$a1925- 210 $aBarcelona$c[s.n.] 530 0 $aAnalecta Sacra Tarraconensia 675 $a2 675 $a27 675 $a93 712 02$aBiblioteca Balmes, Barcellona 801 0$aIT$bACNP$c20090723 859 4 $uhttp://acnp.cib.unibo.it/cgi-ser/start/it/cnr/dc-p1.tcl?catno=60440&person=false&language=ITALIANO&libr=&libr_th=unina1$zBiblioteche che possiedono il periodico 901 $aSE 912 $a990008892480403321 958 $aBRAU. Biblioteca di Ricerca di Area Umanistica$b1937-1994;1999-$eSPAGNA 5$fFLFBC 959 $aFLFBC 996 $aAnalecta Sacra Tarraconensia$9802025 997 $aUNINA AP1 8 $6866-01$aNA072 BRAU. Biblioteca di Ricerca di Area Umanistica$bSPAGNA 5$ePiazza Bellini 56/60, 80133 Napoli (NA)$m(081) 2533948$nit AP2 40$aacnp.cib.unibo.it$nACNP Italian Union Catalogue of Serials$uhttp://acnp.cib.unibo.it/cgi-ser/start/it/cnr/df-p.tcl?catno=60440&language=ITALIANO&libr=&person=&B=1&libr_th=unina&proposto=NO LEADER 01392nas 2200409-a 450 001 9910379652503321 005 20260218110042.0 011 $a2648-6334 035 $a(CKB)2560000000080094 035 $a(CONSER)--2012234402 035 $a(DE-599)ZDB2999995-9 035 $a(DE-599)2999995-9 035 $a(EXLCZ)992560000000080094 100 $a20010918a19949999 --- - 101 0 $afre 200 04$aLes cahiers philosophiques de Strasbourg 210 $aStrasbourg [France] $cUniversité Marc Bloch de Strasbourg 215 $a1 online resource 300 $aSome issues have also thematic titles. 300 $aIssued by: Université des sciences humaines de Strasbourg, 1994- ; Université Marc Bloch, <2000->. 311 08$aPrint version: Les cahiers philosophiques de Strasbourg. 1254-5740 (DLC)--2012234402 (OCoLC)47986655 606 $aPhilosophy$vPeriodicals 606 $aPhilosophie$vPériodiques 606 $aPhilosophie$2swd 608 $aZeitschrift.$2swd 615 0$aPhilosophy 615 6$aPhilosophie 615 07$aPhilosophie. 686 $a200$2zdbs 686 $a5,1$2ssgn 712 02$aUniversite? Marc Bloch. 712 02$aUniversite? des sciences humaines de Strasbourg. 906 $aJOURNAL 912 $a9910379652503321 920 $aexl_impl conversion 996 $aCahiers Philosophiques de Strasbourg$91846000 997 $aUNINA